<?xml version="1.0" encoding="UTF-8"?>
<collection xmlns="http://www.loc.gov/MARC21/slim">
 <record>
  <leader>00741nam a2200193 i 4500</leader>
  <controlfield tag="001">publ36356</controlfield>
  <controlfield tag="005">20250327090131.0</controlfield>
  <controlfield tag="008">250327s2025    hu      o     000   hun d</controlfield>
  <datafield tag="020" ind1=" " ind2=" ">
   <subfield code="a">9789633385630</subfield>
  </datafield>
  <datafield tag="024" ind1="7" ind2=" ">
   <subfield code="a">36059978</subfield>
   <subfield code="2">mtmt</subfield>
  </datafield>
  <datafield tag="040" ind1=" " ind2=" ">
   <subfield code="a">SZTE Publicatio Repozitórium</subfield>
   <subfield code="b">hun</subfield>
  </datafield>
  <datafield tag="041" ind1=" " ind2=" ">
   <subfield code="a">hun</subfield>
  </datafield>
  <datafield tag="100" ind1="1" ind2=" ">
   <subfield code="a">Jalsovszky Katalin</subfield>
  </datafield>
  <datafield tag="245" ind1="1" ind2="0">
   <subfield code="a">Csillag a házon, csillag a kabáton </subfield>
   <subfield code="h">[elektronikus dokumentum] :</subfield>
   <subfield code="b">A sárga csillag a magyarországi vészkorszakban /</subfield>
   <subfield code="c"> Jalsovszky Katalin</subfield>
  </datafield>
  <datafield tag="260" ind1=" " ind2=" ">
   <subfield code="a">Napvilág Kiadó</subfield>
   <subfield code="b">Budapest</subfield>
   <subfield code="c">2025</subfield>
  </datafield>
  <datafield tag="300" ind1=" " ind2=" ">
   <subfield code="a">213</subfield>
  </datafield>
  <datafield tag="650" ind1=" " ind2="4">
   <subfield code="a">Történettudomány és régészet</subfield>
  </datafield>
  <datafield tag="700" ind1="0" ind2="1">
   <subfield code="a">Molnár Judit</subfield>
   <subfield code="e">aut</subfield>
  </datafield>
  <datafield tag="856" ind1="4" ind2="0">
   <subfield code="u">http://publicatio.bibl.u-szeged.hu/36356/1/Jalsovszky-Molnar_Csillagahazoncsillagakabaton.pdf</subfield>
   <subfield code="z">Dokumentum-elérés </subfield>
  </datafield>
 </record>
</collection>
